000 00356nam a22001217a 4500
040 _cHS
082 _a631
100 _aកង អូន
245 _aធរណីវិទ្យា
260 _aវិទ្យាស្ថានបច្ចេកទេសកសិកម្មចំការដូង
_bកង អូន
_c1993
300 _aNA
942 _cKB
999 _c9492
_d9492